Statistics for All Capitals of the Netherlands on a Map

Click here to take the quiz!

General Stats

  • This quiz has been taken 184 times
  • The average score is 12 of 19

Answers on the Map

Answers color-coded by a green-red scale on the quiz's map according to % correct below.
 

Answer Stats

TypePart of...Capital% Correct
CountryNetherlandsAmsterdam
99%
European ProvinceSouth HollandThe Hague
93%
European ProvinceUtrechtUtrecht
87%
European ProvinceGroningenGroningen
84%
European ProvinceLimburgMaastricht
84%
European ProvinceNorth HollandHaarlem
69%
CountryCuraçaoWillemstad
69%
European ProvinceGelderlandArnhem
63%
European ProvinceFrieslandLeeuwarden
63%
European ProvinceNorth Brabant's-Hertogenbosch
62%
European ProvinceZeelandMiddelburg
61%
European ProvinceFlevolandLelystad
60%
European ProvinceOverijsselZwolle
60%
CountryArubaOranjestad
57%
Special MunicipalitySint EustatiusOranjestad
57%
European ProvinceDrentheAssen
52%
Special MunicipalitySabaThe Bottom
33%
Special MunicipalityBonaireKralendijk
31%
CountrySint MaartenPhilipsburg
31%

Score Distribution

Percentile by Number Answered

Percent of People with Each Score

Your Score History

You have not taken this quiz